| 000 | 00373nam a22001457a 4500 | ||
|---|---|---|---|
| 003 | SGT | ||
| 020 | _a9780333900376 | ||
| 082 | _a340.095 4,CHO | ||
| 100 | _aCHOPRA,P.N. | ||
| 245 | _aA SOCIAL CULTURAL AND ECONOMIC HISTORY OF INDIA | ||
| 260 |
_aNEW DELHI _bMACHILLAN _c2012 |
||
| 300 | _a325 | ||
| 650 | _aSOCIIAL CULTURAL AND ECONOMIC HISTORY OF INDIA | ||
| 942 |
_2ddc _cBK |
||
| 999 |
_c11574 _d11574 |
||